Les débuts de Moliére a Paris

Bewaard in:
Bibliografische gegevens
Hoofdauteur: Michaut, G.
Formaat: Boek
Taal:Undetermined
Gepubliceerd in: Génova, Italia Slatkine Reprints 1968
Onderwerpen:
Tags: Voeg label toe
Geen labels, Wees de eerste die dit record labelt!

MARC

LEADER 00000nam a2200000Ia 4500
008 170316s9999 xx 000 0 und d
040 |a cru BVZT 
090 |a 840 M-19d 
100 |a Michaut, G. 
245 |a Les débuts de Moliére a Paris 
260 |a Génova, Italia 
260 |b Slatkine Reprints 
260 |c 1968 
300 |a 252 páginas 
650 |a LITERATURA FRANCESA 
999 |c 7810  |d 7810 
942 |c 15 D  |h 840 M-19d  |2 z